000
00296nam a2200121Ia 4500
008
191201s2011 xx 000 0 und d
100
_a
MORRIS MANO, M
245
0
_a
Computer Systems Architecture
250
_a
IMP 8th
260
_c
2011
_b
pearson
_a
NEW DELHI
300
_a
520
942
_2
ddc
_c
BK
_0
38
999
_c
7773
_d
7773